00808 2200217 4500001002100000005001700021008004100038035002400079040001600103082001200119090002200131100001200153245020000165260002900365300003700394500008300431500003300514650001600547850001200563990001500575YOGYA-0209000004456020090227030421.0 ind  0010-020900000044560 aYOPDYOG [B] a353.914 aSK 353.914bSup P aSUPARNO aPeranan kepemimpinan kepala desa dan partisipasi masyarakat terhadap efektivitas pembangunan desa di desa Ngunut, kecamatan Playen, kabupaten Gunung Kidul Daerah Istimewa Yogyakartacoleh Suparno aYogyakartab[s.n.]c1993 axi, 135, [2] lembarbilusc29 cm aSkripsi Fak. Ilmu Sosial dan Ilmu Politik Universitas Widya Mataram Yogyakarta aBibliografi : lembar 104-107 aKepala desa aYOPDYOG a07A0028506